000 00554nam a2200205Ia 4500
003 OSt
005 20251023150652.0
008 220917b |||||||| |||| 00| 0 eng d
037 _cTB
040 _aARTS
_cARTS
_beng
041 _2eng
_aeng
084 _aU.8 J5;K1
_qAL
100 _aTaylor G
_985845
245 0 _aAustralia:
_bstudy warm enviroments and their effect on British settlement
250 _a7th
260 _c1961.
650 _aGEOGRAPHY
_9849348
942 _hU.8 J5;K1
_cTB
_2CC
_n0
999 _c212444
_d212444